| 000 | 00877nam a22002297a 4500 | ||
|---|---|---|---|
| 999 |
_c10187 _d10187 |
||
| 003 | AR-CdUCM | ||
| 008 | 190329b ||||| |||| 00| 0 spa d | ||
| 040 |
_aMUNICIPALIDAD PROVINCIAL DEL CUSCO _cBIBLIOTECA MUNICIPAL DEL CUSCO |
||
| 082 |
_a902.85 / _bC84 |
||
| 100 |
_aCosta Villavicencio, Lázaro _924582 |
||
| 245 |
_aHistoria cronológica del Perú : _baños 1400 - 1499 / |
||
| 260 |
_aLima : _bAsociación de Periodistas del Perú. |
||
| 300 |
_a143 páginas ; _bilustraciones, mapa, _c24 cm. |
||
| 500 | _aTexto en dos columnas. | ||
| 505 | _aContenido: 1400-140- -- 1410-1419 -- 1420-1429 -- Familia de Cristobal Colón -- Francisco de Carbajal -- Fernando Magallanes -- Diego Colon Pepestrello ... | ||
| 650 |
_aHistoria _9136 |
||
| 650 |
_aBiografías _9148 |
||
| 650 |
_aColón _926894 |
||
| 650 |
_aCronológico _93440 |
||
| 942 |
_2ddc _cLIBROS |
||
| 945 | _aachl | ||